Times Alemães de Futebol - Statistics

Estatísticas Gerais
  • Esse quiz foi jogado 217 vezes
  • A pontuação média é 17 de 36
Estatísticas das Respostas
Times % Correto
Bayern Munchen
99%
Borussia Dortmund
97%
Bayer Leverkusen
88%
Hamburger SV
74%
Hertha Berlin
73%
Schalke 04
73%
Union Berlin
73%
RB Leipzig
72%
VfL Wolfsburg
72%
Werder Bremen
70%
Frankfurt
69%
Mönchengladbach
68%
FC Koln
59%
Mainz
58%
Stuttgart
57%
FC Augsburg
56%
SC Freiburg
50%
Hannover 96
49%
VfL Bochum
48%
1. FC Nurnberg
42%
FC St. Pauli
42%
Fortuna Dusseldorf
36%
Heidenheim
31%
Arminia Bielefield
30%
SV Darmstadt 98
30%
1. FC Kaiserslautern
28%
Eintracht Braunschweig
27%
Paderborn 07
27%
Holstein Kiel
23%
1. FC Magdeburg
18%
SpVgg Greuther Furth
17%
FC Hansa Rostock
16%
Karlsruher SC
15%
SV 1916 Sandhausen
12%
SSV Jahn Regensburg
11%
1899 Hoffenheim
5%
Nenhum quiz correspondente encontrado
Distribuição das Pontuações
Porcentagem de Pessoas com Cada Pontuação
Percentil de Números Respondidos
Sua Pontuação Histórica
Você não jogou esse quiz